Βιβλιογραφία και αρθρογραφία : για τα αρχαία ελληνικά
Αποθηκεύτηκε σε:
| Κύριος συγγραφέας: | |
|---|---|
| Άλλοι συγγραφείς: | |
| Μορφή: | Βιβλίο |
| Γλώσσα: | Greek |
| Δημοσίευση: |
Αθήνα :
Gutenberg,
1992
|
| Θέματα: | |
| Ετικέτες: |
Προσθήκη ετικέτας
Δεν υπάρχουν, Καταχωρήστε ετικέτα πρώτοι!
|
MARC
| LEADER | 00000nam a2200000 i 4500 | ||
|---|---|---|---|
| 001 | 1/8232 | ||
| 008 | 961009s1992 gre d | ||
| 020 | |a 960-01-0349-6 | ||
| 035 | |l 10017019 | ||
| 040 | |a GR-MY-UA |b gre |e aacr | ||
| 041 | 0 | |a gre | |
| 082 | 0 | |a 489.3 | |
| 100 | 1 | |a Τότσικας, Αλέξανδρος Α. | |
| 245 | 1 | 0 | |a Βιβλιογραφία και αρθρογραφία : |b για τα αρχαία ελληνικά / |c Αλέξης Τότσικας; Νίκος Λαβδάς |
| 260 | |a Αθήνα : |b Gutenberg, |c 1992 | ||
| 300 | |a 143 σ. | ||
| 500 | |a Για φιλολόγους | ||
| 504 | |a Περιλαμβάνει ευρετήριο | ||
| 650 | 0 | 0 | |a Greek language, Hellenistic (300 B.C.-600 A.D.) |x Bibliography. |
| 700 | 1 | |a Λαβδάς, Νίκος. | |
| 852 | |a INST |b LESVOS |e 19961009 |h 489.3 ΤΟΤ |p 005100006379 |q 005100006379 |t BK |y 0 | ||
| 909 | |a Λ |b 033098 | ||
| 922 | |a 1ΕΛΗ |b 199312 |c ΑΝΑΣΤΑΣΙΑΔΗΣ | ||